000 01325cam a22003497a 4500
005 20220329141212.0
008 971010s1989 r 00010 d
010 _a64271
011 _a65243
035 _a71576
090 _aTesis
100 0 0 _aOrtiz Luna, Obed.
_984000
245 0 _aCultivo de maíz (Zea mays L.) durante el proceso de recuperación de un suelo salino-sódico de Chiconautla, Edo. de México, tratado con azufre y materia orgánica a nivel de invernadero
260 _aChapingo, Méx. :
_bEl autor,
_c1989
300 _a88 h
502 _aTesis (Ing. Agr. Esp. en Suelos) -- UACH. Departamento de Suelos
590 _aALEPH
_b10
_c20130110
_lUCH01
_h1351
590 _aBATCH-UPD
_b10
_c20130110
_lUCH01
_h1528
590 _aBATCH-UPD
_b10
_c20130410
_lUCH01
_h0936
590 _aBATCH-UPD
_b10
_c20130914
_lUCH01
_h1129
590 _aCONVERSION
_b10
_c20130109
_lUCH01
_h1335
650 1 4 _aCultivos en invernadero.
_930376
650 1 4 _aMaíz
_zMéxico (Edo.).
_971099
650 1 4 _aSuelos salinos.
_9110558
650 1 4 _aSuelos sódicos.
_9110560
650 1 4 _aSuelos
_xEfecto del azufre.
_9110346
650 1 4 _aSuelos
_xMateria orgánica.
_9110429
650 1 4 _aSuelos
_xRecuperación de.
_9110473
650 1 4 _aSuelos
_zMéxico (Edo.).
_9110525
901 _aBK
949 _bS
_cTES
_d-4207
_eTS1
_i71576
_si
999 _c64271
_d64271